Dives-sur-Mer - Choix Multiples - Statistiques

Statistiques générales
  • Ce quiz a été pris 10 fois
  • Le résultat moyen est 5 sur 10
Statistiques - réponses
Question Réponse % Correct
À quel personnage, qui aurait dû partir de Dives-sur-Mer pour conquérir l'Angleterre, est dédié le village historique situé au cœur de la ville ? Guillaume le Conquérant
86%
Qu'a fondé Eugène Secrétan à Dives-sur-Mer en 1890 ? Une usine métallurgique
86%
Quel fleuve sépare Dives-sur-Mer de sa voisine Cabourg ? La Dives
71%
Dans les années 1840-1850, un certain Henri Philippe-Auguste Dutrône invente la race Sarlabot, qui est une espèce de bovins dépourvue de... ... cornes
57%
L'Église de Dives-sur-Mer a directement inspiré celle de Balbec, évoquée dans laquelle de ces œuvres ? À la recherche du temps perdu de Marcel Proust
57%
Qu'est la Maison Bleue, créée en 1957 par Euclides Da Costa Ferreira et classée monument historique ? Un jardin artistique
57%
Laquelle de ces images représente l'église Notre-Dame de Dives-sur-Mer ?
43%
Dives-sur-Mer est un lieu de pèlerinage, et ce depuis la naissance de la légende du Christ Saint-Sauveur, lorsque des pêcheurs ont remonté un Christ, puis sa croix quelques années après, il y a environ... ... 1 000 ans
43%
Qu'est-ce qui est au cœur du festival des RéciDives ? Les marionnettes
29%
Dives-sur-Mer est la ville-centre de la deuxième unité urbaine du Calvados en termes de population, qui s'étend sur une distance d'environ... ... 35 kilomètres
14%
Aucun quiz correspondant
Distribution des résultats
% des personnes avec chaque résultat
Percentile par nombre de réponses
Votre historique - résultats
Vous n’avez pas pris ce quiz